[Event "NED-ch 1997 sf"]
[Site "Enschede"]
[Date "1996.??.??"]
[Round "8"]
[White "Van der Werf, Mark"]
[Black "Van der Poel, Henk"]
[Result "1/2-1/2"]
[WhiteElo "2400"]
[BlackElo "2320"]
[PlyCount "102"]
[EventDate "1996.??.??"]

1. d4 d5 2. c4 c6 3. Nf3 Nf6 4. Nc3 e6 5. Bg5 h6 6. Bxf6 Qxf6 7. Qc2 Nd7 8. e4
dxc4 9. e5 Qd8 10. Bxc4 Be7 11. Qe4 Nb6 12. Bd3 Nd5 13. O-O g6 14. Ne2 Kf8 15.
Rac1 Kg7 16. Nc3 Bd7 17. Nd2 Rc8 18. Nb3 b6 19. Qf3 Rc7 20. Ne4 Bc8 21. a3 Bb7
22. Nbd2 Rd7 23. Nc4 Rf8 24. Ncd6 Ba8 25. Qg3 Bh4 26. Qg4 h5 27. Qf3 Be7 28.
Rfe1 Nc7 29. b4 Ne8 30. b5 Bxd6 31. bxc6 Bxc6 32. Rxc6 Bxe5 33. dxe5 Rxd3 34.
Qe2 Rd5 35. Rec1 f5 36. exf6+ Nxf6 37. Rc7+ Rf7 38. Rc8 Qe7 39. Qb2 Kh6 40.
Rh8+ Kg7 41. Rhc8 Qd7 42. h3 Rd1+ 43. Rxd1 Qxd1+ 44. Kh2 Qd5 45. Nxf6 Qd6+ 46.
g3 Rxf6 47. h4 e5 48. Qa2 Rf8 49. Rc4 Rf7 50. Rc3 Qd4 51. Re3 Qd6 1/2-1/2

[Event "NED-ch 1997 sf"]
[Site "Enschede"]
[Date "1996.??.??"]
[Round "9"]
[White "Bosboom, Manuel"]
[Black "De Boer, Sybolt"]
[Result "1-0"]
[WhiteElo "2410"]
[BlackElo "2240"]
[PlyCount "87"]
[EventDate "1996.??.??"]

1. d4 f5 2. g3 Nf6 3. Bg2 e6 4. Nf3 d5 5. b3 Bd6 6. c4 c6 7. O-O Qe7 8. Ne5 O-O
9. Bb2 Nbd7 10. Nd2 a5 11. Qc2 Ne4 12. Ndf3 a4 13. Nd3 a3 14. Bc3 b6 15. Rac1
Bb7 16. Bd2 g5 17. Nfe5 Bxe5 18. dxe5 c5 19. Be1 g4 20. f3 gxf3 21. exf3 Ng5
22. Bd2 Nf7 23. cxd5 Bxd5 24. Nf4 Bb7 25. Rfe1 Rfd8 26. Re3 Nf8 27. Nh5 Ng6 28.
f4 Bxg2 29. Kxg2 Qb7+ 30. Kg1 Ne7 31. Nf6+ Kg7 32. g4 fxg4 33. Qxh7+ Kf8 34.
Ne4 Nf5 35. Rce1 Rd4 36. Bc3 Rxe4 37. Rxe4 Rd8 38. Qg6 Rd3 39. Qxe6 Nh4 40. Qc4
Nf3+ 41. Kf2 Nxe1 42. Bxe1 Rf3+ 43. Kg1 Nh6 44. e6 1-0

[Event "NED-ch 1997 sf"]
[Site "Enschede"]
[Date "1996.??.??"]
[Round "9"]
[White "Bosch, Jeroen"]
[Black "Vogel, Jaap"]
[Result "1-0"]
[WhiteElo "2425"]
[BlackElo "2295"]
[PlyCount "82"]
[EventDate "1996.??.??"]

1. e4 e6 2. d4 d5 3. e5 c5 4. c3 Nc6 5. Nf3 Bd7 6. Be2 Nge7 7. Na3 Nf5 8. Nc2
cxd4 9. cxd4 Nb4 10. O-O Nxc2 11. Qxc2 Qb6 12. Qd3 h6 13. h4 Ne7 14. Bd2 Nc6
15. b4 Be7 16. Rfb1 Rc8 17. a4 Qd8 18. h5 a5 19. bxa5 Nxa5 20. Bxa5 Qxa5 21.
Rxb7 Bc6 22. Rbb1 Ra8 23. Qc2 Kd7 24. Bb5 Rhc8 25. Qd1 Ra7 26. g3 Bb4 27. Kg2
Bc3 28. Ra3 Bxb5 29. Rxb5 Qxb5 30. axb5 Rxa3 31. Qb1 Raa8 32. b6 Rab8 33. Qh7
Rg8 34. Qc2 Rgc8 35. Qa4+ Kd8 36. Ng1 Bd2 37. Nf3 Bc3 38. Qa7 Ke8 39. b7 Rd8
40. Qa3 Bxd4 41. Nxd4 Rxb7 1-0

[Event "NED-ch 1997 sf"]
[Site "Enschede"]
[Date "1996.??.??"]
[Round "9"]
[White "Ellenbroek, Ton"]
[Black "Etmans, Maarten"]
[Result "0-1"]
[WhiteElo "2095"]
[BlackElo "2230"]
[PlyCount "88"]
[EventDate "1996.??.??"]

1. e4 Nf6 2. Nc3 d5 3. exd5 Nxd5 4. Bc4 c6 5. Qf3 Be6 6. Nh3 Nc7 7. Bb3 Bxb3 8.
axb3 Ne6 9. Ne2 g6 10. Qe3 Bg7 11. c3 Nc7 12. d4 O-O 13. O-O Nd7 14. Rd1 Nd5
15. Qd2 a5 16. Nhf4 e6 17. Nd3 Qc7 18. c4 Ne7 19. Qf4 Qb6 20. Ra3 Nf5 21. Ne5
Nxe5 22. dxe5 Rfd8 23. Re1 Qc7 24. Nc3 Rd4 25. Qf3 Bxe5 26. Be3 Nxe3 27. Qxe3
Rad8 28. g3 Bg7 29. Rea1 Rd3 30. Qe1 Qe5 31. Qf1 Qd6 32. Rxa5 Bxc3 33. bxc3
Rxc3 34. c5 Qd4 35. Ra8 Rxa8 36. Rxa8+ Kg7 37. Qa1 e5 38. Ra4 Qxc5 39. Kg2 Qd5+
40. Kh3 Qe6+ 41. Kg2 Qxb3 42. Re4 Qd5 43. f3 f5 44. Re2 Qxf3+ 0-1

[Event "NED-ch 1997 sf"]
[Site "Enschede"]
[Date "1996.??.??"]
[Round "9"]
[White "Hendriks, Willy"]
[Black "Van der Weide, Karel"]
[Result "1/2-1/2"]
[WhiteElo "2430"]
[BlackElo "2365"]
[PlyCount "178"]
[EventDate "1996.??.??"]

1. e4 c5 2. Nf3 Nc6 3. d4 cxd4 4. Nxd4 g6 5. c4 Nf6 6. Nc3 d6 7. Be2 Nxd4 8.
Qxd4 Bg7 9. Be3 O-O 10. Qd2 Be6 11. O-O Qa5 12. f3 Rfc8 13. Rfc1 a6 14. Rab1
Qd8 15. b3 Rab8 16. Ba7 Ra8 17. Be3 Rab8 18. Rc2 Kf8 19. Ba7 Ra8 20. Be3 Rab8
21. g3 Qc7 22. Rbc1 Qa5 23. Bf1 Nd7 24. Nd5 Qxd2 25. Bxd2 Bd4+ 26. Kg2 Ke8 27.
Be3 Bxe3 28. Nxe3 Rc7 29. f4 f6 30. Nd5 Bxd5 31. cxd5 Rxc2+ 32. Rxc2 Nc5 33.
Kf3 a5 34. Bb5+ Kd8 35. Rc3 Kc7 36. a3 Kb6 37. Bf1 Rf8 38. h4 f5 39. e5 Rd8 40.
exd6 exd6 41. g4 fxg4+ 42. Kxg4 Ne4 43. Re3 Nf6+ 44. Kg5 Nxd5 45. Rd3 Nxf4 46.
Rf3 Ne6+ 47. Kh6 Rd7 48. Bh3 Nd4 49. Rd3 Nf5+ 50. Kg5 Kc5 51. h5 Re7 52. hxg6
hxg6 53. Kxg6 Ne3 54. Kf6 Re5 55. Be6 Nd5+ 56. Bxd5 Rxd5 57. Rc3+ Kd4 58. Rc4+
Ke3 59. Ke6 Rd3 60. b4 d5 61. Rc5 axb4 62. axb4 d4 63. Re5+ Kd2 64. Rb5 Rb3 65.
Rxb7 d3 66. Kd5 Kc2 67. Rc7+ Kb2 68. Rc4 d2 69. Rd4 Kc2 70. Rxd2+ Kxd2 71. Kc5
Rc3+ 72. Kd6 Rd3+ 73. Kc6 Rc3+ 74. Kd6 Rb3 75. Kc5 Kd3 76. b5 Ke4 77. b6 Ke5
78. Kc6 Rc3+ 79. Kd7 Rd3+ 80. Kc6 Rb3 81. Kc7 Ke6 82. b7 Rc3+ 83. Kb6 Rb3+ 84.
Kc7 Rc3+ 85. Kb6 Kd7 86. b8=Q Rb3+ 87. Ka7 Ra3+ 88. Kb7 Rb3+ 89. Ka7 Rxb8
1/2-1/2

[Event "NED-ch 1997 sf"]
[Site "Enschede"]
[Date "1996.??.??"]
[Round "9"]
[White "Knoppert, Erik"]
[Black "Perez Garcia, Hebert"]
[Result "1-0"]
[WhiteElo "2415"]
[BlackElo "2210"]
[PlyCount "81"]
[EventDate "1996.??.??"]

1. e4 c6 2. d4 d5 3. Nd2 dxe4 4. Nxe4 Bf5 5. Ng3 Bg6 6. Nf3 Nd7 7. h4 h6 8. h5
Bh7 9. Bd3 Bxd3 10. Qxd3 Ngf6 11. Bf4 Qa5+ 12. Bd2 Qc7 13. O-O-O e6 14. Ne4
O-O-O 15. Kb1 c5 16. c3 c4 17. Qe2 Nxe4 18. Qxe4 Nf6 19. Qe2 Kb8 20. Ne5 Rc8
21. g4 Nd5 22. f4 Bd6 23. Rde1 Rhe8 24. Qf3 Re7 25. g5 Rce8 26. gxh6 gxh6 27.
f5 Bxe5 28. Rxe5 Qc6 29. Rf1 f6 30. Rxe6 Rxe6 31. fxe6 Rxe6 32. Bxh6 a6 33. Bc1
Qd7 34. h6 Re8 35. Qf5 Qf7 36. Rg1 Ne7 37. Rg7 Qf8 38. Qd7 Ka8 39. a4 f5 40.
Bf4 Ka7 41. Bd6 1-0

[Event "NED-ch 1997 sf"]
[Site "Enschede"]
[Date "1996.??.??"]
[Round "9"]
[White "Riemersma, Liafbern"]
[Black "Kroeze, Frank"]
[Result "1-0"]
[WhiteElo "2435"]
[BlackElo "2390"]
[PlyCount "61"]
[EventDate "1996.??.??"]

1. d4 d5 2. c4 e6 3. Nc3 c6 4. Nf3 dxc4 5. a4 Bb4 6. e3 b5 7. Bd2 a5 8. axb5
Bxc3 9. Bxc3 cxb5 10. b3 Bb7 11. bxc4 b4 12. Bb2 Nf6 13. Bd3 Nbd7 14. O-O O-O
15. Re1 Qc7 16. e4 e5 17. c5 exd4 18. Rc1 Rac8 19. c6 Bxc6 20. e5 Nd5 21. Nxd4
Nxe5 22. Nxc6 Nc3 23. Bxc3 Nxd3 24. Ne7+ Qxe7 25. Rxe7 Nxc1 26. Bb2 Na2 27. Qa4
Nc1 28. h3 Nd3 29. Bd4 Rb8 30. Qxa5 Rfd8 31. Qf5 1-0

[Event "NED-ch 1997 sf"]
[Site "Enschede"]
[Date "1996.??.??"]
[Round "9"]
[White "Strating, Sybolt"]
[Black "Theulings, Paul-Peter"]
[Result "1/2-1/2"]
[WhiteElo "2325"]
[BlackElo "2155"]
[PlyCount "110"]
[EventDate "1996.??.??"]

1. d4 Nf6 2. c4 e6 3. Nf3 b6 4. a3 Bb7 5. Nc3 d5 6. cxd5 Nxd5 7. Qc2 Nd7 8. e4
Nxc3 9. bxc3 c5 10. Bd3 Qc8 11. Qb1 Ba6 12. O-O Be7 13. a4 Bxd3 14. Qxd3 a6 15.
Ba3 O-O 16. c4 Re8 17. d5 exd5 18. exd5 Bd6 19. Rab1 Qc7 20. Rb3 Ne5 21. Nxe5
Rxe5 22. g3 Rae8 23. Qb1 Qd7 24. Rxb6 Qh3 25. Rb2 h5 26. Qd1 h4 27. Rb3 Re2 28.
Qd3 hxg3 29. hxg3 Re1 30. Bc1 R8e5 31. Bg5 Rxf1+ 32. Qxf1 Qxf1+ 33. Kxf1 Rxg5
34. Rb6 Rg6 35. Rxa6 Kf8 36. a5 Ke7 37. Ra7+ Ke8 38. Ke2 Rg4 39. Kd3 Be5 40.
Ra8+ Kd7 41. Ra7+ Bc7 42. a6 Rd4+ 43. Kc3 Rd1 44. Ra8 Ra1 45. f4 g6 46. Kb3 f6
47. Kb2 Ra5 48. Kb3 f5 49. Kc2 Ra3 50. Kb2 Ra4 51. Kb3 Rb4+ 52. Ka3 Rb8 53.
Rxb8 Bxb8 54. Ka4 Ba7 55. Kb5 Kd6 1/2-1/2

[Event "NED-ch 1997 sf"]
[Site "Enschede"]
[Date "1996.??.??"]
[Round "9"]
[White "Van Haastert, Edwin"]
[Black "Van der Werf, Mark"]
[Result "1/2-1/2"]
[WhiteElo "2300"]
[BlackElo "2400"]
[PlyCount "68"]
[EventDate "1996.??.??"]

1. e4 c5 2. Nf3 e6 3. c3 d5 4. e5 d4 5. Bd3 Bd7 6. Na3 Ne7 7. Nc2 dxc3 8. dxc3
Bc6 9. Bf4 Nd7 10. O-O Ng6 11. Bg3 Be7 12. Re1 Nb6 13. c4 h5 14. h3 Nh4 15.
Bxh4 Bxh4 16. Be4 Bxe4 17. Rxe4 Qxd1+ 18. Rxd1 Rd8 19. Rxd8+ Bxd8 20. Nce1 Be7
21. Nd3 O-O 22. Kf1 Na4 23. Ke2 Rd8 24. Nd2 a6 25. Nb1 b5 26. b3 Nb6 27. Nb2 b4
28. Nd2 Kf8 29. Na4 Nxa4 30. bxa4 Ke8 31. Nb3 Kd7 32. Re3 Kc6 33. Rd3 Rxd3 34.
Kxd3 Bh4 1/2-1/2

[Event "NED-ch 1997 sf"]
[Site "Enschede"]
[Date "1996.??.??"]
[Round "9"]
[White "Van Wissen, Michiel"]
[Black "Hoogendoorn, Joost"]
[Result "0-1"]
[WhiteElo "2160"]
[BlackElo "2345"]
[PlyCount "70"]
[EventDate "1996.??.??"]

1. d4 Nf6 2. Bg5 b6 3. Nd2 Bb7 4. Bxf6 gxf6 5. e3 e6 6. Ngf3 Bg7 7. Bd3 d6 8.
c3 Nd7 9. Qc2 Qe7 10. a4 f5 11. a5 O-O 12. O-O Kh8 13. Ra3 Rg8 14. Rfa1 Rab8
15. axb6 axb6 16. Ra7 Nf8 17. Qa4 Ng6 18. Ba6 Bd5 19. c4 Ra8 20. Rxa8 Bxa8 21.
Bb5 Bxf3 22. Nxf3 f4 23. Bc6 e5 24. Re1 fxe3 25. Rxe3 f5 26. Bd5 Rf8 27. dxe5
dxe5 28. Nd4 Bh6 29. Re1 Nf4 30. Nc6 Qc5 31. Nxe5 Nxd5 32. cxd5 Qxd5 33. Qh4
Qd6 34. Nc4 Qb4 35. Rd1 Bg7 0-1